Understanding America's drinking problem : how to combat the hazards of alcohol /

Bibliographic Details
Main Author: Cahalan, Don
Format: Book
Language:English
Published: San Francisco : Jossey-Bass, 1987.
Edition:1st ed.
Series:Jossey-Bass social and behavioral science series.
Jossey-Bass health series.
Subjects:

MARC

Tag First Indicator Second Indicator Subfields
LEADER 00000cam a2200000 a 4500
001 in00000024894
005 20151007055638.0
008 870604s1987 caua b 00110 eng d
010 |a  87045418  
020 |a 1555420575 (alk. paper) 
035 |a (OCoLC)16089124 
035 |9 AAB8824AM 
040 |a DNLM/DLC  |c DLC  |d TXA  |d UtOrBLW 
043 |a n-us--- 
049 |a TXAM  |c [A11090316] 
050 0 0 |a HV5292  |b .C337 1987 
060 0 |a WM 274 C132u 
082 0 |a 362.2/928  |2 19 
100 1 |a Cahalan, Don. 
245 1 0 |a Understanding America's drinking problem :  |b how to combat the hazards of alcohol /  |c Don Cahalan. 
250 |a 1st ed. 
264 1 |a San Francisco :  |b Jossey-Bass,  |c 1987. 
300 |a xx, 234 pages :  |b illustrations ;  |c 24 cm. 
336 |a text  |b txt  |2 rdacontent 
337 |a unmediated  |b n  |2 rdamedia 
338 |a volume  |b nc  |2 rdacarrier 
490 1 |a Jossey-Bass social and behavioral science series 
490 1 |a Jossey-Bass health series 
504 |a Bibliography: pages 199-221. 
500 |a Includes index. 
650 0 |a Alcoholism  |z United States. 
650 0 |a Alcoholism  |z United States  |x Prevention. 
650 0 |a Alcoholism  |x Treatment  |z United States. 
830 0 |a Jossey-Bass social and behavioral science series. 
830 0 |a Jossey-Bass health series. 
999 |a MARS 
999 f f |s 94956744-acc6-3c15-8b90-c893815e25cf  |i 9c7b249a-dd17-3660-8e44-b5f18ae313b5  |t 0 
952 f f |p ric  |a Texas A&M University  |b Rellis Campus  |c Joint Library Facility  |d Remote Storage  |t 0  |e HV5292 .C337 1987  |h Library of Congress classification  |i unmediated -- volume  |m A14811090316 
998 f f |a HV5292 .C337 1987  |t 0  |l Remote Storage